| Tag |
First Indicator |
Second Indicator |
Subfields |
| LEADER |
00000cam a2200000 4500 |
| 001 |
in00000095353 |
| 005 |
20150927150100.0 |
| 008 |
730814s1941 eng u |
| 010 |
|
|
|a 41027303
|
| 035 |
|
|
|a (OCoLC)00676954
|
| 035 |
|
|
|9 AAL7236AM
|
| 040 |
|
|
|c KSU
|d TXA
|d UtOrBLW
|
| 049 |
|
|
|a TXAM
|c [117464]
|
| 090 |
|
|
|a TN173
|b .R4
|
| 100 |
1 |
|
|a Read, Thomas Thornton,
|d 1880-1947.
|
| 245 |
1 |
4 |
|a The development of mineral industry education in the United States /
|c by Thomas Thornton Read ... Foreword by Herbert Hoover.
|
| 250 |
|
|
|a 1st ed.
|b Sponsored by the Seeley W. Mudd memorial fund.
|
| 264 |
|
1 |
|a New York :
|b The American Institute of Mining and Metallurgical Engineers,
|c 1941.
|
| 300 |
|
|
|a xvii pages, 1 ., 298 pages including frontispiece, illustrations, tables. ;
|c 24 cm.
|
| 336 |
|
|
|a text
|b txt
|2 rdacontent
|
| 337 |
|
|
|a unmediated
|b n
|2 rdamedia
|
| 338 |
|
|
|a volume
|b nc
|2 rdacarrier
|
| 490 |
1 |
|
|a The Seeley W. Mudd series
|
| 504 |
|
|
|a "References": pages 287-289.
|
| 650 |
|
0 |
|a Mining schools and education
|z United States.
|
| 710 |
2 |
|
|a American Institute of Mining and Metallurgical Engineers.
|b Mineral Industry Education Division.
|
| 710 |
2 |
|
|a American Institute of Mining and Metallurgical Engineers.
|b Seeley W. Mudd Memorial Fund.
|
| 830 |
|
0 |
|a Seeley W. Mudd series.
|
| 999 |
|
|
|a MARS
|
| 999 |
f |
f |
|s 4055a9da-a627-3ee9-9715-2b788cf746d3
|i ba9d320b-b700-3b81-b8c6-b4fc031a7188
|t 0
|
| 952 |
f |
f |
|p ric
|a Texas A&M University
|b Rellis Campus
|c Joint Library Facility
|d Remote Storage
|t 0
|e TN173 .R4
|h Library of Congress classification
|i unmediated -- volume
|m A14805570057
|
| 998 |
f |
f |
|a TN173 .R4
|t 0
|l Remote Storage
|